000 00379nam a22001457a 4500
003 MACL
005 20191010164515.0
008 191010b xxu||||| |||| 00| 0 eng d
040 _cMACL
100 _aSaxena, Rajeev
_99291
245 _aNew Challenges of Environmental Conservation
260 _aAllahabad
_bSanket Pra
_c2018
650 _aEnvironment
_976920
942 _2ddc
_cBK
999 _c61178
_d61178